000 00438pab a2200169 454500
008 180718b2005 xxu||||| |||| 00| 0 eng d
100 _aPatel, Vikram
245 _aGender and mental health: a review of two textbooks of psychiatry
260 _c2005
300 _ap.1850-858.
362 _a30 Apr
650 _aPsychiatry
650 _aWomen
650 _aMental health
773 _aEconomic and Political Weekly
909 _a64911
999 _c64911
_d64911